书目信息 |
| 题名: |
磁流体发电若干问题
|
|
| 作者: | 雷德尔 , Raeder 著 ;刘鉴民 译 | |
| 分册: | ||
| 出版信息: | 北京 科学出版社 1983 |
|
| 页数: | 332页 | |
| 开本: | 19cm | |
| 丛书名: | ||
| 单 册: | ||
| 中图分类: | TM916 | |
| 科图分类: | ||
| 主题词: | 磁流体发电 | |
| 电子资源: | ||
| ISBN: | ||
| 000 | 00909nam0 2200289 45 | |
| 001 | 0183000105 | |
| 005 | 20040520173401.7 | |
| 010 | @dCNY1.65 | |
| 091 | @a15031.476 | |
| 100 | @a19950728d1983 em y0chiy0121 ea | |
| 101 | 1 | @achi@cger |
| 102 | @aCN@b110000 | |
| 105 | @ay z 000yy | |
| 106 | @ar | |
| 200 | 10 | @a磁流体发电若干问题@Aci liu ti fa dian ruo gan wen ti@f(西德)雷德尔(J.Raeder)@g刘鉴民编 |
| 210 | @a北京@c科学出版社@d1983 | |
| 215 | @a332页@d19cm | |
| 300 | @a书名原文:MHD Power Generation Selected Problems of Combustion MHD generators | |
| 510 | 1 | @aMHD Power Generation Selected Problems of Combustion MHD generators@zeng |
| 606 | @a磁流体发电 | |
| 690 | @aTM916@v3 | |
| 701 | 1 | @a雷德尔@Alei de er@bJ.@4著 |
| 701 | A1 | @aRaeder@bJ.@4著 |
| 702 | 0 | @a刘鉴民@Aliu jian min@4译 |
| 801 | 0 | @aCN@b上海图书馆@c20040520 |
| 801 | 2 | @aCN@bNLC@c20040520 |
| 905 | @f1@b85759@dTM916@e8 | |
| 磁流体发电若干问题/(西德)雷德尔(J.Raeder)/刘鉴民编.-北京:科学出版社,1983 |
| 332页;19cm |
| 书名原文:MHD Power Generation Selected Problems of Combustion MHD generators |
| ISBN :CNY1.65 |
| ● |
| 相关链接 |
|
|
|
|
正题名:磁流体发电若干问题
索取号:TM916/8
 
预约/预借
| 序号 | 登录号 | 条形码 | 馆藏地/架位号 | 状态 | 备注 |
| 1 | 0085759 | 001346396 | 第三借阅区/ [索取号:TM916/8] | 在馆 | |
| 2 | 0085760 | 001345967 | 第二样本阅览室/ [索取号:TM916/8] | 在馆 |